Nghiên cứu ngôn ngữ các dân tộc ở Việt Nam /

Bewaard in:
Bibliografische gegevens
Coauteur: Trung tâm khoa học xã hội và nhân văn quốc gia. Viện ngôn ngữ học
Formaat: Sách giấy
Taal:Vietnamese
Gepubliceerd in: H. : Khoa học xã hội, 1994
Tags: Voeg label toe
Geen labels, Wees de eerste die dit record labelt!
Thư viện lưu trữ: Thư viện Trường Đại học Đà Lạt
LEADER 00818nam a2200277 4500
001 DLU020020348
003 ##DLU
005 ##20021219
008 ##021219t vn z000 vie d
040 # # |a DLU  |b vie 
041 # # |a vie 
044 # # |a vn 
082 # # |a 495.922 072  |b Ngh 
110 # # |a Trung tâm khoa học xã hội và nhân văn quốc gia.  |b Viện ngôn ngữ học 
245 # # |a Nghiên cứu ngôn ngữ các dân tộc ở Việt Nam /  |c Trung tâm khoa học xã hội và nhân văn quốc gia.Viện ngôn ngữ học 
260 # # |a H. :  |b Khoa học xã hội,  |c 1994 
300 # # |a 248 tr. ;  |c 20 cm. 
992 # # |a 20500 
994 # # |a DLU 
900 # # |a True 
911 # # |a Phan Ngọc Đông 
925 # # |a G 
926 # # |a A 
927 # # |a SH 
980 # # |a Thư viện Trường Đại học Đà Lạt